000 00511ntaaa2200193 4500
003 01
005 20251027201259.0
008 0714s1973 ag 01
040 _aAR-BaBN
_bspa
_cAR-BaBN
_eaacr
_dRIC
082 _a221.0100 Ac5
100 _aAckerman, Robert
_910963
245 _aThe Old Testament
250 _a1 ed.
260 _aNY :
_bMonarch Press, Inc.,
_cc1964
300 _a169 p.
500 _aUna introducción al Antiguo Testamento
650 _aBiblia-Antiguo Testamento-Introducción
942 _cBK
999 _c7176
_d7176